000 00356nam a22001457a 4500
003 OSt
005 20220217143444.0
008 220217b |||||||| |||| 00| 0 eng d
020 _a9788126522170
040 _cHU
082 _27th
_a658.542
100 _aBarnes
_925609
245 _aMotion & Time Study Design & Measurement Of Work
942 _2ddc
_cBOOKS
_n0
999 _c30698
_d30698